00447 2200193 4500001002100000005001500021008004100036020001800077035001900095041000700114082000800121090001400129100001700143245002200160250001000182260003200192300001900224650001000243INLIS00000000001207420241224114310241224||||||||| | ||| |||| || |  a979-3802-66-9 0010-1224012074 aid0 a297 a297 TIM s0 aSAKTI WIBOWO00aSunatu Ulaa Zawaj aCet.1 aJakartabZikrul Hakimc2005 a224hlm;12X19cm 0aAgama